[Event "Elancourt op"]
[Site "Elancourt"]
[Date "2005.04.28"]
[Round "7"]
[White "Couturier, Francois"]
[Black "Le Ray, Olivier"]
[Result "1-0"]
[WhiteElo "2075"]
[BlackElo "1982"]
[PlyCount "39"]
[EventDate "2005.04.23"]
[EventType "swiss"]
[EventRounds "9"]
[EventCountry "FRA"]
[SourceTitle "CBM 105 Extra"]
[Source "ChessBase"]
[SourceDate "2005.05.01"]
[SourceVersion "1"]
[SourceVersionDate "2005.05.01"]
[SourceQuality "1"]

1. d4 d6 2. Nf3 Bg4 3. e4 Nd7 4. h3 Bxf3 5. Qxf3 Ngf6 6. e5 dxe5 7. dxe5 Nxe5 8. Qxb7 Qb8 9. Bb5+ Kd8 10. Qxb8+ Rxb8 11. Be2 e6 12. 0-0 Bd6 13. Nd2 Ke7 14. Nf3 Nxf3+ 15. Bxf3 Be5 16. Rb1 Nd5 17. c4 Nb6 18. b3 Nxc4 19. bxc4 Rxb1 20. Ba3+ 1-0

[Event "Yvelines-ch"]
[Site "Fontenay le Fleury"]
[Date "2003.02.16"]
[Round "7.7"]
[White "Couturier, Francois"]
[Black "Belz, Florian"]
[Result "1-0"]
[WhiteElo "1980"]
[BlackElo "1690"]
[PlyCount "99"]
[EventDate "2003.02.17"]
[EventType "swiss"]
[EventRounds "7"]
[EventCountry "FRA"]
[SourceTitle "EXT 2004"]
[Source "ChessBase"]
[SourceDate "2003.11.25"]
[SourceVersion "1"]
[SourceVersionDate "2003.11.25"]
[SourceQuality "1"]

1. d4 Nf6 2. c4 e6 3. Nc3 Bb4 4. a3 Bxc3+ 5. bxc3 c5 6. Qc2 Nc6 7. Nf3 d5 8. e3 0-0 9. Bd3 dxc4 10. Bxc4 Na5 11. Bd3 c4 12. Be2 b5 13. Rb1 a6 14. Nd2 Bb7 15. Bf3 Bxf3 16. Nxf3 Qd5 17. 0-0 Qe4 18. Qb2 Nd5 19. Ne5 Rfd8 20. f3 Qh4 21. g3 Qe7 22. e4 Nc7 23. Bf4 g5 24. Qb4 Qxb4 25. axb4 gxf4 26. bxa5 fxg3 27. hxg3 Rd6 28. Rf2 f6 29. Ng4 Kf7 30. Rh2 Rh8 31. Kf2 Kg6 32. Rh6+ Kg7 33. Rh5 Kg6 34. Rh6+ Kg7 35. Rh5 Kg6 36. Rc5 Ne8 37. Rh1 h5 38. Ne3 Ng7 39. Rh4 Re8 40. g4 e5 41. d5 Rh8 42. gxh5+ Rxh5 43. Rxh5 Kxh5 44. Rc6 Rxc6 45. dxc6 Ne6 46. Nd5 Kg5 47. c7 Nxc7 48. Nxc7 b4 49. cxb4 c3 50. Ke3 1-0